[Event "ICS rated standard match"]
[Site "204.178.125.65"]
[Date "2001.07.12"]
[Round "?"]
[White "BrazilianMaster"]
[Black "Hossa"]
[Result "1-0"]
[WhiteElo "2674"]
[BlackElo "2336"]
[PlyCount "102"]
[EventDate "2001.??.??"]

1. e4 d6 2. d4 Nf6 3. Nc3 g6 4. Bg5 c6 5. Qd2 Bg7 6. f4 O-O 7. O-O-O b5 8. e5
b4 9. exf6 bxc3 10. Qxc3 exf6 11. Bh4 Re8 12. Nf3 Be6 13. Bd3 Qb6 14. f5 gxf5
15. Bg3 Bf8 16. Nd2 Na6 17. Nc4 Nb4 18. Kb1 Qb8 19. Rhf1 Nd5 20. Qd2 a5 21.
Bxf5 Bxf5 22. Rxf5 Qb5 23. Qd3 Rab8 24. Ka1 Qb4 25. c3 Qb7 26. Rb1 Qa6 27. Rh5
h6 28. Rd1 Re6 29. Rf5 Qb7 30. Rb1 Qa6 31. Bf2 a4 32. Rd1 Nb6 33. Nxb6 Qxb6 34.
Rb1 d5 35. Bh4 Bg7 36. Qg3 Kh7 37. Rf4 Qb5 38. Rg4 Bf8 39. Qf4 Bg7 40. Bg3 Rb7
41. Qf5+ Kh8 42. Bf4 Qc4 43. Rg3 a3 44. b3 Qe2 45. Qh3 Kh7 46. Bd6 Rb5 47.
Rxg7+ Kxg7 48. Qg3+ Kh8 49. Bf8 Qb2+ 50. Rxb2 axb2+ 51. Kxb2 Re2+ {
Hossa resigns} 1-0

[Event "ICS rated bullet match"]
[Site "204.178.125.65"]
[Date "2001.07.12"]
[Round "?"]
[White "Hossa"]
[Black "zloco"]
[Result "1-0"]
[WhiteElo "2591"]
[BlackElo "2262"]
[PlyCount "77"]
[EventDate "2001.??.??"]

1. e4 c5 2. Nf3 g6 3. d4 cxd4 4. Qxd4 Nf6 5. Bc4 Nc6 6. Qe3 Bg7 7. O-O O-O 8.
Nc3 d6 9. Nd5 Bg4 10. Qf4 Bxf3 11. Qxf3 Ne5 12. Qe2 Nxc4 13. Qxc4 Rc8 14. Qxc8
Qxc8 15. Nxe7+ Kh8 16. Nxc8 Rxc8 17. Rd1 Nxe4 18. f3 Nf6 19. c3 Rc6 20. Be3 b6
21. Re1 Kg8 22. Bd4 Kf8 23. Rad1 Ne8 24. Rxe8+ Kxe8 25. Bxg7 Kd7 26. Kf2 Ke6
27. Re1+ Kd7 28. Bf6 d5 29. Re7+ Kc8 30. Rxf7 d4 31. cxd4 a5 32. Ke3 Rc2 33. d5
Rxg2 34. d6 Rg1 35. d7+ Kc7 36. d8=Q+ Kc6 37. Qd7+ Kc5 38. Be7+ Kc4 39. Qc6# {
zloco checkmated} 1-0

[Event "ICS rated blitz match"]
[Site "204.178.125.65"]
[Date "2001.07.12"]
[Round "?"]
[White "Hossa"]
[Black "lambChop"]
[Result "0-1"]
[WhiteElo "2626"]
[BlackElo "2684"]
[PlyCount "97"]
[EventDate "2001.??.??"]

1. e4 e5 2. Nf3 Nc6 3. Bb5 a6 4. Ba4 Nf6 5. O-O Nxe4 6. d4 b5 7. Bb3 d5 8. dxe5
Be6 9. c3 Nc5 10. Bc2 Bg4 11. b4 Ne6 12. Re1 a5 13. Bd3 Qd7 14. h3 Bxf3 15.
Qxf3 Ncd8 16. bxa5 Rxa5 17. Nd2 Be7 18. Nb3 Ra4 19. Rd1 c6 20. Bc2 Qa7 21. Be3
Qb8 22. Bd4 b4 23. cxb4 Rxb4 24. Bc3 Rc4 25. Qe3 h5 26. Rdb1 Qa8 27. Qd2 Bg5
28. Qe1 d4 29. Nxd4 Nxd4 30. Bd3 Ra4 31. Bxd4 Rxd4 32. Qc3 Ne6 33. Rb6 O-O 34.
Bf5 Rd2 35. Rb2 Rfd8 36. Rxd2 Rxd2 37. Bxe6 fxe6 38. h4 Bh6 39. Qb3 Rd5 40. Qc4
Rxe5 41. a4 Qa5 42. Kf1 Qd2 43. a5 Be3 44. fxe3 Qxe3 45. g3 Qxg3 46. Qd4 Qf3+
47. Qf2 Qh1+ 48. Qg1 Rf5+ 49. Ke2 {Hossa resigns} 0-1

[Event "ICS rated blitz match"]
[Site "204.178.125.65"]
[Date "2001.07.12"]
[Round "?"]
[White "baldomero"]
[Black "Hossa"]
[Result "1/2-1/2"]
[WhiteElo "2366"]
[BlackElo "2613"]
[PlyCount "304"]
[EventDate "2001.??.??"]

1. e4 c5 2. Nf3 e6 3. d4 cxd4 4. Nxd4 Nf6 5. Nc3 d6 6. Be2 Be7 7. O-O O-O 8.
Be3 Nc6 9. f4 d5 10. e5 Ne4 11. Nxe4 dxe4 12. c3 Bc5 13. Qd2 Re8 14. Rad1 Nxd4
15. Bxd4 Bxd4+ 16. Qxd4 Qb6 17. Qxb6 axb6 18. Bb5 Rf8 19. a4 f5 20. Rd6 Kf7 21.
Kf2 Rg8 22. h4 h6 23. g3 g6 24. Ke3 Ke7 25. Rh1 Ra5 26. b4 Ra8 27. Rhd1 g5 28.
hxg5 hxg5 29. Rh1 gxf4+ 30. gxf4 Kf7 31. Rh7+ Kg6 32. Rh3 Kf7 33. Rd1 Rb8 34.
Rdh1 Ra8 35. Rh7+ Rg7 36. Rxg7+ Kxg7 37. Rd1 Kf7 38. Rd8 Ke7 39. Rh8 Kf7 40.
Bd7 Bxd7 41. Rxa8 b5 42. a5 Bc6 43. Rd8 Bd5 44. Rd6 Ke8 45. a6 bxa6 46. Rxa6
Kd7 47. Kd4 Bc4 48. Ra1 Kc7 49. Rh1 Kc6 50. Rh8 Bb3 51. Rc8+ Kb7 52. Rc5 Bc4
53. Rxc4 bxc4 54. Kxc4 Kc6 55. Kd4 Kb5 56. Ke3 Ka4 57. Kd2 Kb5 58. Ke3 Ka4 59.
Kd4 Kb5 60. Ke3 Ka4 61. Kd2 Kb5 62. Ke3 Ka4 63. Kd2 Kb5 64. Ke3 Ka4 65. Kd2 Kb5
66. Ke3 Ka4 67. Kd2 Kb5 68. Ke3 Ka4 69. Kd2 Kb5 70. Ke3 Ka4 71. Kf2 Kb5 72. Ke3
Ka4 73. Kf2 Kb5 74. Ke3 Ka4 75. Kf2 Kb5 76. Ke3 Ka4 77. Kf2 Kb5 78. Ke3 Ka4 79.
Kf2 Kb5 80. Ke3 Ka4 81. Kf2 Kb5 82. Ke3 Ka4 83. Kf2 Kb5 84. Ke3 Ka4 85. Kf2 Kb5
86. Ke3 Ka4 87. Kf2 Kb5 88. Ke3 Ka4 89. Kf2 Kb5 90. Ke3 Ka4 91. Kf2 Kb5 92. Ke3
Ka4 93. Kf2 Kb5 94. Ke3 Ka4 95. Kf2 Kb5 96. Ke3 Ka4 97. Kf2 Kb5 98. Ke3 Ka4 99.
Kf2 Kb5 100. Ke3 Ka4 101. Kf2 Kb5 102. Ke3 Ka4 103. Kf2 Kb5 104. Ke3 Ka4 105.
Kf2 Kb5 106. Ke3 Ka4 107. Kf2 Kb5 108. Ke3 Ka4 109. Kf2 Kb5 110. Ke3 Ka4 111.
Kf2 Kb5 112. Ke3 Ka4 113. Kf2 Kb5 114. Ke3 Ka4 115. Kf2 Kb5 116. Ke3 Ka4 117.
Kf2 Kb5 118. Ke3 Ka4 119. Kf2 Kb5 120. Ke3 Ka4 121. Kf2 Kb5 122. Ke3 Ka4 123.
Kf2 Kb5 124. Ke3 Ka4 125. Kf2 Kb5 126. Ke3 Ka4 127. Kf2 Kb5 128. Ke3 Ka4 129.
Kf2 Kb5 130. Ke3 Ka4 131. Kf2 Kb5 132. Ke3 Ka4 133. Kf2 Kb5 134. Ke3 Ka4 135.
Kf2 Kb5 136. Ke3 Kc4 137. Kf2 e3+ 138. Kxe3 Kb5 139. Kd4 Kb6 140. c4 Kc6 141.
c5 Kb5 142. Kc3 Ka4 143. Kc4 Ka3 144. c6 Kb2 145. c7 Kb1 146. c8=Q Kb2 147.
Qxe6 Kc2 148. Qxf5+ Kd2 149. b5 Ke3 150. b6 Kf3 151. b7 Ke3 152. b8=Q Kf3 {
baldomero ran out of time and Hossa has no material to mate} 1/2-1/2

[Event "ICS rated standard match"]
[Site "204.178.125.65"]
[Date "2001.07.12"]
[Round "?"]
[White "Hossa"]
[Black "BrazilianMaster"]
[Result "0-1"]
[WhiteElo "2332"]
[BlackElo "2696"]
[PlyCount "145"]
[EventDate "2001.??.??"]

1. e4 e5 2. Nf3 Nc6 3. Bb5 a6 4. Ba4 Nf6 5. Nc3 b5 6. Bb3 Be7 7. O-O d6 8. d3
Na5 9. Bd2 c5 10. Bd5 Nxd5 11. Nxd5 Nc6 12. a4 b4 13. Ne1 O-O 14. f4 exf4 15.
Bxf4 Ne5 16. Bxe5 dxe5 17. Nf3 Bb7 18. Nxe7+ Qxe7 19. Nd2 f6 20. Nc4 Rad8 21.
Qe2 Qd7 22. Na5 Bc8 23. Nb3 Qc7 24. Nd2 Be6 25. b3 Qd7 26. Nf3 Bf7 27. Qf2 Rc8
28. Qh4 Qe8 29. Rad1 Be6 30. Nd2 Rd8 31. Rf3 Qg6 32. Rg3 Qf7 33. Nc4 Bxc4 34.
bxc4 Qd7 35. Rh3 h6 36. Rg3 Kh8 37. a5 Qd4+ 38. Kh1 Qb2 39. Qg4 Rf7 40. Rd2 Qa2
41. Qd1 Qxa5 42. Rh3 Qa3 43. Qf1 a5 44. d4 Qb2 45. d5 a4 46. Rf2 Qd4 47. Qe2 a3
48. Rf1 Ra8 49. Rd3 Qxc4 50. Qf2 Rd8 51. Re1 Kg8 52. g4 Rd6 53. Qe2 Ra7 54. Qg2
Rad7 55. Rf1 Kf8 56. Qe2 Ra7 57. Ra1 Rf7 58. Qg2 h5 59. gxh5 f5 60. exf5 e4 61.
Re3 Qxd5 62. Rxe4 Rxf5 63. Rae1 Rg5 64. Qf3+ Kg8 65. h6 Rxh6 66. Rd1 Qc6 67.
Qf4 Rgh5 68. Rde1 a2 69. Kg1 Qg6+ 70. Qg3 Rg5 71. R4e3 Rxg3+ 72. hxg3 Qxc2 73.
Re8+ {Hossa resigns} 0-1

[Event "ICS rated blitz match"]
[Site "204.178.125.65"]
[Date "2001.07.12"]
[Round "?"]
[White "Hossa"]
[Black "Yace"]
[Result "1/2-1/2"]
[WhiteElo "2603"]
[BlackElo "2876"]
[PlyCount "111"]
[EventDate "2001.??.??"]

1. e4 e5 2. Nf3 Nf6 3. Nxe5 d6 4. Nxf7 Kxf7 5. d4 g6 6. Bc4+ d5 7. exd5 b5 8.
Bb3 Bb4+ 9. c3 Re8+ 10. Be3 Bd6 11. O-O Ng4 12. h3 Nxe3 13. fxe3+ Kg8 14. Rf3
g5 15. g4 Na6 16. Qe2 Rf8 17. Nd2 Rb8 18. Raf1 Rxf3 19. Qxf3 Kh8 20. Ne4 Bb7
21. Qf7 Qe7 22. Nxd6 Qxd6 23. Rf3 Rg8 24. Bc2 Rg7 25. Qe8+ Rg8 26. Qe4 Rg7 27.
Bb3 b4 28. c4 Qd8 29. Rf2 Nb8 30. Bc2 Ba6 31. b3 Bc8 32. Qf3 Nd7 33. Bd3 Ba6
34. e4 Rg8 35. e5 Qe7 36. e6 Rf8 37. Qe4 Nf6 38. Qe5 h6 39. Bg6 Kg7 40. Bb1 Kh8
41. c5 Bc8 42. Bg6 Kg7 43. Bf7 Rxf7 44. exf7 Kxf7 45. Kh2 a5 46. Kg3 Qd8 47.
Rxf6+ Qxf6 48. Qxc7+ Kg6 49. Qxc8 Qf4+ 50. Kg2 Qd2+ 51. Kf3 Qd1+ 52. Ke3 Qe1+
53. Kd3 Qd1+ 54. Ke3 Qe1+ 55. Kd3 Qd1+ 56. Ke3 {Game drawn by repetition}
1/2-1/2

[Event "ICS rated blitz match"]
[Site "204.178.125.65"]
[Date "2001.07.12"]
[Round "?"]
[White "Yace"]
[Black "Hossa"]
[Result "0-1"]
[WhiteElo "2866"]
[BlackElo "2613"]
[PlyCount "144"]
[EventDate "2001.??.??"]

1. Nf3 c5 2. e4 Nf6 3. e5 Ng4 4. h3 Nh6 5. Nc3 Nc6 6. Bb5 g6 7. O-O Bg7 8. d3
Nf5 9. Bf4 O-O 10. Bxc6 dxc6 11. Ne4 b6 12. Qd2 Ba6 13. b3 Nd4 14. Nxd4 Qxd4
15. Qc3 Rad8 16. Rae1 Rd5 17. Qxd4 cxd4 18. Ng5 h6 19. Nf3 g5 20. Bc1 f5 21.
Re2 e6 22. Bb2 c5 23. Rfe1 Rd7 24. Nd2 Kf7 25. f3 h5 26. Kf2 Kg6 27. Bc1 b5 28.
b4 c4 29. Nb1 Rc8 30. Bb2 Bf8 31. a3 c3 32. Bc1 Bb7 33. Rh1 Bd5 34. h4 f4 35.
hxg5 Rf7 36. a4 bxa4 37. Rh4 Kxg5 38. g3 Bxb4 39. Re1 Rh8 40. Reh1 Kf5 41.
Rxf4+ Kg6 42. Rxf7 Kxf7 43. Rh4 Kg6 44. Ke1 Rb8 45. Rxd4 Bc5 46. Rxd5 Rxb1 47.
Rxc5 Rxc1+ 48. Ke2 Rxc2+ 49. Ke3 Rc1 50. Kd4 c2 51. Kc3 Rg1 52. Kxc2 Rxg3 53.
Ra5 Rxf3 54. Rxa4 Rf7 55. Kd2 Rh7 56. Rh4 Kg5 57. Rh3 Kf5 58. d4 Kf4 59. Kd3 h4
60. Kd2 a5 61. d5 Kg4 62. Rh1 h3 63. dxe6 Kg3 64. Rg1+ Kf2 65. Rh1 Kg2 66. Re1
h2 67. e7 Rxe7 68. Re2+ Kh3 69. Re3+ Kg4 70. Re4+ Kg5 71. Re1 Kf4 72. Kd3 a4 {
Yace resigns} 0-1

[Event "ICS rated standard match"]
[Site "204.178.125.65"]
[Date "2001.07.12"]
[Round "?"]
[White "ChesterX"]
[Black "Hossa"]
[Result "1-0"]
[WhiteElo "2613"]
[BlackElo "2328"]
[PlyCount "322"]
[EventDate "2001.??.??"]

1. e4 d6 2. Nc3 Nf6 3. Nf3 e5 4. d3 Be7 5. Be2 O-O 6. d4 exd4 7. Qxd4 Nc6 8.
Qa4 Bd7 9. O-O a5 10. Qb3 Rb8 11. Rd1 Be6 12. Qa4 Nd7 13. Be3 Bf6 14. Qa3 Nb4
15. Rd2 Ra8 16. Nd4 Bxd4 17. Bxd4 Qg5 18. Be3 Qh4 19. Nb5 Rfc8 20. f3 Ne5 21.
Nd4 Bd7 22. Qc3 Rab8 23. a3 Nbc6 24. Nxc6 Nxc6 25. Rd5 Qf6 26. Qxf6 gxf6 27.
Bb5 Rd8 28. Bxc6 bxc6 29. Rxa5 Rxb2 30. Bd4 Rxc2 31. Bxf6 Re8 32. Rb1 d5 33.
Ra7 dxe4 34. Rxc7 Bf5 35. Re7 Kf8 36. Rxe8+ Kxe8 37. Rd1 Bd7 38. Re1 Bf5 39.
fxe4 Be6 40. Rd1 Bd7 41. Rb1 Bc8 42. h3 Kd7 43. Rd1+ Ke6 44. e5 Kf5 45. Rd4 h5
46. Rh4 Kg6 47. Rf4 c5 48. Bh4 c4 49. Rf6+ Kg7 50. Bf2 Bb7 51. Rb6 Bd5 52. Rb5
Rd2 53. Rc5 Kg6 54. Be1 Rxg2+ 55. Kf1 Bb7 56. Rxc4 Ra2 57. Rc3 Kf5 58. Re3 Kf4
59. Bf2 Be4 60. Rb3 Kxe5 61. Bg3+ Ke6 62. Ke1 f5 63. Bf4 Kd5 64. h4 Bc2 65. Rg3
Ke4 66. Bc1 Bd3 67. Re3+ Kd4 68. Re7 Bc4 69. Kd1 Kc3 70. Re3+ Bd3 71. Re7 Be4
72. Ke1 Ra1 73. Rc7+ Kd4 74. Kf2 Ra2+ 75. Kg1 Bd3 76. Rd7+ Kc3 77. Rc7+ Bc4 78.
Bg5 Kd4 79. Bf6+ Kd5 80. Re7 Bd3 81. Re5+ Kc4 82. Be7 Be4 83. Bd6 Kd4 84. Rb5
Ke3 85. Rb3+ Bd3 86. Be7 f4 87. Bg5 Rd2 88. Bd8 Kf3 89. Ba5 Rd1+ 90. Kh2 Kg4
91. Rb8 Bc4 92. Rb7 Ra1 93. Rg7+ Kf3 94. Bb4 Ra2+ 95. Kg1 Be6 96. Rg5 Bg4 97.
Rc5 Kg3 98. Be1+ Kh3 99. Rc3+ f3 100. Rd3 Re2 101. Bf2 Re8 102. a4 Rb8 103. Re3
Rb1+ 104. Re1 Rb4 105. a5 Ra4 106. Re5 Ra2 107. Be1 Bc8 108. Bf2 Ba6 109. Re3
Ra1+ 110. Be1 Be2 111. Kf2 Kxh4 112. Re5 Ra2 113. Rd5 Kg4 114. Rd4+ Kg5 115.
Bd2+ Kg6 116. Ke3 Rb2 117. Ra4 Rb8 118. a6 Re8+ 119. Kf2 Bd1 120. Rd4 Re2+ 121.
Kf1 Rg2 122. a7 Be2+ 123. Ke1 Bb5 124. Be3 Ra2 125. Rd5 Bc4 126. Rd8 Re2+ 127.
Kd1 Ra2 128. a8=Q Rxa8 129. Rxa8 Be6 130. Ke1 Bg4 131. Ra6+ Kf5 132. Ra5+ Ke4
133. Kf2 Kd3 134. Ra4 Kc3 135. Rd4 Kb3 136. Bd2 Kc2 137. Ke3 Kb3 138. Rb4+ Ka3
139. Kf2 Ka2 140. Bc1 Ka1 141. Kg3 Ka2 142. Rb7 Ka1 143. Rb8 Ka2 144. Rb4 Ka1
145. Rb2 Bd7 146. Kxf3 h4 147. Rd2 Bc8 148. Rd8 Be6 149. Rd6 Bc8 150. Bf4 h3
151. Be5+ Ka2 152. Kf4 Kb3 153. Rb6+ Ka2 154. Rc6 Bd7 155. Rc3 Be6 156. Ke3 Bf5
157. Kd2 Be6 158. Kc2 Bf5+ 159. Kc1 h2 160. Bxh2 Be6 161. Bd6 Bb3 {
Hossa resigns} 1-0

[Event "ICS rated standard match"]
[Site "204.178.125.65"]
[Date "2001.07.13"]
[Round "?"]
[White "Hossa"]
[Black "nitmo"]
[Result "1-0"]
[WhiteElo "2323"]
[BlackElo "2024"]
[PlyCount "57"]
[EventDate "2001.??.??"]

1. e4 e5 2. Nf3 Nc6 3. Bb5 Nd4 4. Nxd4 exd4 5. O-O c6 6. Bc4 Nf6 7. e5 d5 8.
Be2 Nd7 9. f4 d3 10. Bxd3 Bc5+ 11. Kh1 Qh4 12. Bf5 g6 13. g3 Qh6 14. Bg4 f5 15.
Bf3 Nf8 16. d4 Bb6 17. Be3 Ne6 18. c4 dxc4 19. Na3 Ke7 20. Nxc4 Rd8 21. Nxb6
axb6 22. d5 Nc5 23. Bxc5+ bxc5 24. Qc1 b6 25. d6+ Kd7 26. Qc3 Re8 27. Qb3 b5
28. Qf7+ Kd8 29. Qc7# {nitmo checkmated} 1-0

[Event "ICS rated blitz match"]
[Site "204.178.125.65"]
[Date "2001.07.13"]
[Round "?"]
[White "Hossa"]
[Black "MARRA"]
[Result "1-0"]
[WhiteElo "2639"]
[BlackElo "2330"]
[PlyCount "23"]
[EventDate "2001.??.??"]

1. e4 e5 2. Nf3 Nc6 3. Bb5 Nd4 4. Nxd4 exd4 5. O-O c6 6. Bc4 d5 7. exd5 cxd5 8.
Bb5+ Bd7 9. Re1+ Be7 10. Qg4 Nf6 11. Qxg7 Rg8 12. Bxd7+ {MARRA resigns} 1-0

[Event "ICS rated blitz match"]
[Site "204.178.125.65"]
[Date "2001.07.13"]
[Round "?"]
[White "Deep-Katzparov"]
[Black "Hossa"]
[Result "1-0"]
[WhiteElo "2670"]
[BlackElo "2644"]
[PlyCount "84"]
[EventDate "2001.??.??"]

1. d4 f5 2. c4 e6 3. Nf3 Nf6 4. g3 Bb4+ 5. Bd2 Be7 6. Bg2 O-O 7. O-O Ne4 8. Nc3
Nxd2 9. Qxd2 d6 10. Rfd1 Bf6 11. Rac1 Kh8 12. e3 Bd7 13. b4 a6 14. Ne1 Ra7 15.
Nd3 b5 16. c5 d5 17. a3 Be8 18. Ra1 Nc6 19. a4 bxa4 20. Nf4 Qe7 21. Rxa4 g5 22.
Nfe2 Bh5 23. Rda1 Rfa8 24. f3 Qd7 25. Kh1 Qd8 26. h3 Kg8 27. Kg1 Qd7 28. R1a3
g4 29. Nf4 Bf7 30. fxg4 fxg4 31. Qd1 h5 32. hxg4 h4 33. g5 Bh8 34. Qg4 Be8 35.
Qxe6+ Qxe6 36. Nxe6 hxg3 37. Bxd5 Bf7 38. Bxc6 Bxe6 39. Bxa8 Rxa8 40. Rxa6 Re8
41. Ra8 Bc8 42. R3a7 c6 {Hossa resigns} 1-0

[Event "ICS rated standard match"]
[Site "204.178.125.65"]
[Date "2001.07.13"]
[Round "?"]
[White "MrPersecuted"]
[Black "Hossa"]
[Result "0-1"]
[WhiteElo "2200"]
[BlackElo "2328"]
[PlyCount "52"]
[EventDate "2001.??.??"]

1. d4 Nf6 2. Bf4 g6 3. Nc3 Bg7 4. Nb5 d6 5. e3 c6 6. Nc3 Qa5 7. Bd3 Nd5 8. Qd2
Nxf4 9. Bxg6 Nxg6 10. d5 Bxc3 11. bxc3 Qxd5 12. Qe2 Qxg2 13. O-O-O Qxh1 14. Nf3
Qg2 15. Rg1 Qh3 16. Rg3 Qf5 17. e4 Qa5 18. Qc4 Qa3+ 19. Kb1 Be6 20. Qb4 Bxa2+
21. Ka1 Qa6 22. c4 Bb3+ 23. Kb2 Qa2+ 24. Kc3 Qxc2+ 25. Kd4 c5+ 26. Kd5 Nf4# {
MrPersecuted checkmated} 0-1

[Event "ICS rated blitz match"]
[Site "204.178.125.65"]
[Date "2001.07.13"]
[Round "?"]
[White "Hossa"]
[Black "mambrino"]
[Result "1-0"]
[WhiteElo "2629"]
[BlackElo "2154"]
[PlyCount "65"]
[EventDate "2001.??.??"]

1. e4 c5 2. Nf3 Nc6 3. Bc4 e6 4. O-O d5 5. exd5 exd5 6. Re1+ Be7 7. Bb5 Bg4 8.
h3 Bxf3 9. Qxf3 Nf6 10. Qe2 Qd6 11. d4 O-O 12. dxc5 Qxc5 13. Bxc6 Qxc6 14. Qxe7
Rfe8 15. Qb4 Rxe1+ 16. Qxe1 Qxc2 17. Na3 Qc5 18. Qc3 Qd6 19. Nb5 Qd7 20. Nd4
Rc8 21. Qa3 a6 22. Bf4 h6 23. Qf3 Ne4 24. Rd1 Qa4 25. Qg4 f5 26. Nxf5 Rc7 27.
Bxc7 g5 28. Nxh6+ Kg7 29. Be5+ Kg6 30. Qe6+ Kh5 31. Qf7+ Kxh6 32. Qg7+ Kh5 33.
Qh7# {mambrino checkmated} 1-0

[Event "ICS rated bullet match"]
[Site "204.178.125.65"]
[Date "2001.07.13"]
[Round "?"]
[White "xeneixe"]
[Black "Hossa"]
[Result "0-1"]
[WhiteElo "2343"]
[BlackElo "2591"]
[PlyCount "108"]
[EventDate "2001.??.??"]

1. e3 Nf6 2. Nf3 d5 3. b3 g6 4. Bb2 Bg7 5. c4 c6 6. cxd5 cxd5 7. Be2 O-O 8. O-O
Nc6 9. d3 Bf5 10. Nbd2 Nb4 11. Ne1 Qd6 12. g3 Bh3 13. Ng2 Rac8 14. a3 Nc2 15.
Ra2 Qc5 16. Nf3 Ne8 17. Bxg7 Nxg7 18. Ng5 Bxg2 19. Kxg2 Qc3 20. b4 Qb3 21. Qb1
Qxb1 22. Rxb1 Rc3 23. Rbb2 Nxa3 24. Nf3 Rfc8 25. Nd4 a6 26. Bf3 e6 27. Ne2 Rxd3
28. Nf4 Rdc3 29. Ne2 Rc2 30. Rxc2 Nxc2 31. Rb2 Ne1+ 32. Kf1 Nxf3 33. Nd4 Nxh2+
34. Kg2 Ng4 35. b5 e5 36. bxa6 exd4 37. axb7 Rb8 38. exd4 Nf5 39. Rc2 Nge3+ 40.
fxe3 Nxe3+ 41. Kf3 Nxc2 42. Ke2 Nxd4+ 43. Kd3 Ne6 44. Ke3 Rxb7 45. Kd3 Rb3+ 46.
Kc2 Nd4+ 47. Kd2 Rxg3 48. Ke1 Kg7 49. Kf2 Rf3+ 50. Kg2 Kh6 51. Kg1 Kg5 52. Kg2
Kg4 53. Kg1 Kh3 54. Kh1 Rf1# {xeneixe checkmated} 0-1

[Event "ICS rated bullet match"]
[Site "204.178.125.65"]
[Date "2001.07.13"]
[Round "?"]
[White "A-Adly"]
[Black "Hossa"]
[Result "0-1"]
[WhiteElo "2108"]
[BlackElo "2599"]
[PlyCount "66"]
[EventDate "2001.??.??"]

1. e4 e5 2. Nc3 Nc6 3. Bc4 Nf6 4. Nf3 Nxe4 5. Bxf7+ Kxf7 6. Nxe4 d5 7. Neg5+
Ke8 8. d3 h6 9. Nh3 Bg4 10. O-O Nd4 11. Re1 Nxf3+ 12. gxf3 Bxh3 13. Rxe5+ Kf7
14. f4 Qh4 15. Qf3 Qg4+ 16. Qxg4 Bxg4 17. Be3 c6 18. f3 Bxf3 19. Rf1 Bg4 20.
Bd4 Be7 21. Re3 Bf6 22. Be5 Rhe8 23. d4 Bf5 24. c3 Bh4 25. a4 Re6 26. a5 Rg6+
27. Kh1 Rf8 28. b4 Be4+ 29. Rxe4 dxe4 30. f5 Kg8 31. c4 e3 32. Rf3 e2 33. Re3
Bf2 {A-Adly resigns} 0-1

[Event "ICS rated blitz match"]
[Site "204.178.125.65"]
[Date "2001.07.13"]
[Round "?"]
[White "Deep-Katzparov"]
[Black "Hossa"]
[Result "1-0"]
[WhiteElo "2667"]
[BlackElo "2649"]
[PlyCount "74"]
[EventDate "2001.??.??"]

1. d4 f5 2. h3 Nf6 3. g4 fxg4 4. hxg4 Nxg4 5. e4 d6 6. Bg5 c5 7. Bh3 Nf6 8.
Bxc8 Qxc8 9. Bxf6 gxf6 10. d5 Kd8 11. Nc3 f5 12. Nf3 fxe4 13. Ng5 Qf5 14. Ncxe4
Kc8 15. Qd3 Qe5 16. Rb1 Qd4 17. Qxd4 cxd4 18. Rxh7 Rxh7 19. Nxh7 Bg7 20. Ke2
Be5 21. Rg1 Kc7 22. Rg8 d3+ 23. Kxd3 Bxb2 24. Nhg5 b5 25. Ne6+ Kb6 26. Re8 Be5
27. c3 Bf6 28. Nxf6 exf6 29. Rd8 Kb7 30. Ke4 a5 31. Rxd6 Na6 32. Rxa6 Rxa6 33.
Nc5+ Kb6 34. Nxa6 Kxa6 35. Kf5 Kb6 36. d6 a4 37. d7 Kc7 {Hossa resigns} 1-0

[Event "ICS rated blitz match"]
[Site "204.178.125.65"]
[Date "2001.07.13"]
[Round "?"]
[White "Hossa"]
[Black "Deep-Katzparov"]
[Result "0-1"]
[WhiteElo "2634"]
[BlackElo "2682"]
[PlyCount "113"]
[EventDate "2001.??.??"]

1. e4 c5 2. Nf3 e6 3. c3 d5 4. exd5 Qxd5 5. d4 Nf6 6. Be2 Nc6 7. O-O cxd4 8.
Nxd4 Bd7 9. Bf3 Qa5 10. b4 Qc7 11. Nb5 Qb8 12. a4 a6 13. N5a3 Qc7 14. Ra2 Bd6
15. Kh1 O-O 16. b5 Ne5 17. b6 Qb8 18. Bf4 Nd5 19. Bxd5 exd5 20. Bg3 Rd8 21. Rd2
Be6 22. Re1 Nc6 23. Nc2 Bxg3 24. hxg3 Qd6 25. Qh5 Qc5 26. Nd4 Qxb6 27. Nxe6
fxe6 28. Kg1 Qb3 29. Qg4 Rd6 30. Rd3 Rf8 31. Rf3 Rxf3 32. gxf3 d4 33. Nd2 Qxc3
34. Rxe6 Rd8 35. Re4 h6 36. Nf1 Qb3 37. Re6 Kh8 38. Qf5 Qxa4 39. Qf7 Qb4 40.
Qc7 Rf8 41. Rg6 Rg8 42. Rg4 a5 43. Rh4 a4 44. Qf4 Ra8 45. Qc7 a3 46. Rg4 Rg8
47. Qf7 Ne5 48. Qd5 Nxg4 49. Qa2 Ne5 50. Nd2 Qxd2 51. Qxa3 Nd3 52. Qxd3 Qxd3
53. Kg2 Rf8 54. f4 Qe4+ 55. f3 Qe2+ 56. Kh3 Qf1+ 57. Kh4 {Hossa resigns} 0-1

[Event "ICS rated blitz match"]
[Site "204.178.125.65"]
[Date "2001.07.13"]
[Round "?"]
[White "Deep-Katzparov"]
[Black "Hossa"]
[Result "1-0"]
[WhiteElo "2696"]
[BlackElo "2620"]
[PlyCount "146"]
[EventDate "2001.??.??"]

1. d4 f5 2. c4 e6 3. Nf3 Nf6 4. g3 Bb4+ 5. Bd2 Be7 6. Bg2 O-O 7. O-O Ne4 8. Nc3
Nxd2 9. Qxd2 d6 10. Qe3 Bd7 11. a3 Bf6 12. Rfd1 Nc6 13. Rac1 g5 14. Rc2 Qe7 15.
Nb5 a6 16. Nxc7 Rac8 17. Nxe6 Bxe6 18. d5 Bd7 19. dxc6 Qxe3 20. fxe3 Bxc6 21.
Nd4 Bxd4 22. Rxd4 Bxg2 23. Kxg2 Rf6 24. e4 fxe4 25. Rxe4 Kf7 26. Rd4 b6 27. h3
Rf8 28. e4 Ke6 29. Rd5 h6 30. b4 Ke7 31. e5 dxe5 32. Rxe5+ Kd6 33. Rce2 R8f7
34. c5+ bxc5 35. Rxc5 Rf8 36. Rd2+ Ke6 37. a4 Kf7 38. b5 axb5 39. Rxb5 Kg7 40.
a5 Ra6 41. Rd7+ Kg6 42. Rdb7 Raf6 43. R7b6 Rc8 44. Rxf6+ Kxf6 45. Rb6+ Kg7 46.
a6 Rc3 47. Rb7+ Kg6 48. a7 Ra3 49. Kf2 Kf5 50. Re7 Kf6 51. Rh7 Ke5 52. Ke2 Kd4
53. Rxh6 g4 54. hxg4 Rxa7 55. Re6 Ra3 56. Kf2 Ra8 57. g5 Kd5 58. Re3 Rg8 59.
Kf3 Kd4 60. Re7 Kd5 61. Kf4 Rf8+ 62. Kg4 Kd6 63. Re3 Kc5 64. g6 Kd5 65. g7 Rg8
66. Kf5 Kc5 67. Kg6 Kd4 68. Rf3 Rb8 69. g4 Ke5 70. Rf8 Rb4 71. g8=Q Rb6+ 72.
Qe6+ Rxe6+ 73. Kh5 Re7 {Hossa resigns} 1-0

[Event "ICS rated standard match"]
[Site "204.178.125.65"]
[Date "2001.07.13"]
[Round "?"]
[White "Hossa"]
[Black "Tinker"]
[Result "0-1"]
[WhiteElo "2328"]
[BlackElo "2289"]
[PlyCount "127"]
[EventDate "2001.??.??"]

1. e4 c5 2. Nf3 d6 3. d4 cxd4 4. Nxd4 Nf6 5. Nc3 a6 6. Be2 e5 7. Nb3 Be7 8. Be3
Be6 9. Nd5 Nbd7 10. Qd3 Bxd5 11. exd5 O-O 12. O-O Ne8 13. Qf5 Qc8 14. c4 Nc5
15. Qc2 Nxb3 16. Qxb3 Nf6 17. Bd3 Qd7 18. Qc2 Rfb8 19. Bf5 Qe8 20. f4 Kh8 21.
fxe5 dxe5 22. Rad1 Bf8 23. Qf2 b6 24. Bxb6 g6 25. Bc7 gxf5 26. Qxf5 Bc5+ 27.
Kh1 Nd7 28. Bxb8 Rxb8 29. b3 f6 30. Rf3 a5 31. Rdf1 Qf7 32. Rg3 Re8 33. Rh3 e4
34. Qg4 e3 35. Qe2 Re4 36. Rf5 Qg6 37. Rf1 Qf7 38. Rg3 f5 39. Rg5 Re5 40. Rf4
Qf6 41. Rh5 Bd6 42. g3 Qg6 43. Rh3 Nf6 44. Rhh4 Ng4 45. Kg2 Re8 46. Rd4 Nxh2
47. Rh3 Ng4 48. Rh4 Nf2 49. Rhf4 Bxf4 50. Rxf4 Ng4 51. Rf1 Re5 52. a3 Qd6 53.
Ra1 Re4 54. Qe1 a4 55. Qa5 axb3 56. Qa8+ Kg7 57. Qb7+ Kg6 58. Rh1 Nf6 59. Qxb3
Nh5 60. Rxh5 Kxh5 61. Qc3 e2 62. Qe1 Kg4 63. c5 Qh6 64. a4 {Hossa resigns} 0-1

[Event "ICS rated standard match"]
[Site "204.178.125.65"]
[Date "2001.07.13"]
[Round "?"]
[White "Hossa"]
[Black "ChesterX"]
[Result "1/2-1/2"]
[WhiteElo "2310"]
[BlackElo "2625"]
[PlyCount "75"]
[EventDate "2001.??.??"]

1. e4 e5 2. Nf3 Nc6 3. Bb5 a6 4. Ba4 Nf6 5. O-O Bc5 6. c3 b5 7. Bb3 d6 8. a4
Bg4 9. d3 Rb8 10. axb5 axb5 11. h3 Bxf3 12. Qxf3 O-O 13. Bg5 h6 14. Bh4 b4 15.
Nd2 Na7 16. Bc4 Nb5 17. Rfb1 bxc3 18. bxc3 Nxc3 19. Rxb8 Qxb8 20. Bxf6 gxf6 21.
Qxf6 d5 22. Bxd5 Qb6 23. Qf5 Nxd5 24. exd5 Bd4 25. Rc1 Qb2 26. Qg4+ Kh8 27. Rd1
Qc2 28. Qh5 Kg7 29. Qe2 Rd8 30. Qg4+ Kh8 31. Qh5 Kg7 32. Ne4 f5 33. Rd2 Qc1+
34. Rd1 Qc2 35. Rd2 Qc1+ 36. Rd1 Qc2 37. Rd2 Qc1+ 38. Rd1 {
Game drawn by repetition} 1/2-1/2